000 00369 a2200133 4500
003 Nust
005 20170207154737.0
040 _cNust
082 _a799
245 _aDine out Maj Gen Hamid Mahmud, Photographs- 2011
_cMCS
260 _aRawalpindi
_bMCS
_c01-11-2011
650 _aPictures of Dine out Maj Gen Hamid Mahmud ,Photographs-2011,(CD-No-20)
651 _aSweet Memories-MCS
942 _cBK
999 _c199674
_d199674